Musician Anagrams Quiz Stats

 Plays Quiz Updated Jul 12, 2019

Score 0/16 Timer 07:00
0 Plays Today
Anagram Name % Correct
Fan Park ZapFrank Zappa
71.2%
Marble Boy Bob Marley
58.6%
I'm a Jerk, But ListenJustin Timberlake
54.9%
Jack Egg RimMick Jagger
53.2%
Shut It Now, HoneyWhitney Houston
50%
Worst DaterRod Stewart
47.7%
No, I DeclineCeline Dion
47%
Enjoy Harm John Mayer
39%
Anagram Name % Correct
Hot DaredevilDavid Lee Roth
37.3%
Her Slow CrySheryl Crow
36.4%
Creep Brings TunesBruce Springsteen
31.6%
Uncork BaitKurt Cobain
31%
Sweaty KenKanye West
27.7%
Unrealistic Air HagChristina Aguilera
27.1%
Library Woman Barry Manilow
23.9%
Witty FlorasTaylor Swift
18.4%

You're not logged in!

Compare scores with friends on all Sporcle quizzes.
OR
Log In

Sporcle TV

Today on Sporcle TV


Watch our educational content, quiz creation guides, and fun videos on Sporcle TV.

Show Comments

Extras

Top Quizzes Today


Score Distribution

Your Account Isn't Verified!

In order to create a playlist on Sporcle, you need to verify the email address you used during registration. Go to your Sporcle Settings to finish the process.

Report this User

Report this user for behavior that violates our Community Guidelines.

Details: